Mémoires du Duc de Rovigo (Record no. 164037)
[ view plain ]
| 000 -LEADER | |
|---|---|
| campo de control de longitud fija | 01025nam a2200205 i 4500 |
| 001 - NÚMERO DE CONTROL | |
| campo de control | 164037 |
| 003 - IDENTIFICADOR DE NÚMERO DE CONTROL | |
| campo de control | ES-MaACL |
| 005 - FECHA Y HORA DE LA ÚLTIMA TRANSACCIÓN | |
| campo de control | 20250809063531.0 |
| 008 - DATOS DE LONGITUD FIJA--INFORMACIÓN GENERAL | |
| campo de control de longitud fija | 991214s1828 fr |||| | fre d |
| 040 ## - FUENTE DE CATALOGACIÓN | |
| Centro catalogador/agencia de origen | CCPB | B |
| Lengua de catalogación | spa |
| Centro/agencia transcriptor | CCPB | B |
| 100 1# - ENTRADA PRINCIPAL--NOMBRE DE PERSONA | |
| Nombre de persona | Savary, Anne-Jean-Marie-René, |
| Fechas asociadas al nombre | 1774-1833 |
| 9 (RLIN) | 132127 |
| 245 10 - MENCIÓN DEL TÍTULO | |
| Título | Mémoires du Duc de Rovigo |
| Resto del título | : pour servir a l'histoire de l'Empereur Napoléon. |
| 260 ## - PUBLICACIÓN, DISTRIBUCIÓN, ETC. | |
| Lugar de publicación, distribución, etc. | Paris : |
| Nombre del editor, distribuidor, etc. | A. Bossange : |
| -- | Mame et Delaunay-Vallée, |
| Fecha de publicación, distribución, etc. | 1828 ( |
| Fabricante | de l'imprimerie de Crapelet) |
| 300 ## - DESCRIPCIÓN FÍSICA | |
| Extensión | 8 v. (VII, [1] en bl., 487; 491; 476; 422; 412; 425; 443; 412 p.) ; |
| Dimensiones | 22 cm. |
| 596 #1 - NOTA AL PIE DE IMPRENTA | |
| NOTA AL PIE DE IMPRENTA | En los t. II, IV y VII consta: "Imprimerie de Cosson"; en el t. VI consta: "De l'imprimerie de Lachevardiere" |
| 600 04 - PUNTO DE ACCESO ADICIONAL DE MATERIA--NOMBRE DE PERSONA | |
| Nombre de persona | Napoleón |
| Numeración | I |
| Títulos y otros términos asociados al nombre | , Emperador de Francia. |
| 9 (RLIN) | 84910 |
| 651 #4 - PUNTO DE ACCESO ADICIONAL DE MATERIA--NOMBRE GEOGRÁFICO | |
| Nombre geográfico | Francia- |
| Subdivisión general | Historia- |
| Subdivisión cronológica | 1789-1815- |
| Subdivisión de forma | Relatos personales. |
| 9 (RLIN) | 154666 |
| 852 ## - LOCALIZACIÓN | |
| Ubicación | ES-MaACL |
| Número de control de estantería | G-8102-09 |
| Nota libre | -- Enc. hol. |
| -- | .- Donat. Angel Calderón de la Barca (Actas del Ateneo, junta 9 de abril de 1844) |
| Estatus retirado | Estado de pérdida | Estado de daño | No para préstamo | Colección | Biblioteca de origen | Biblioteca actual | Ubicación en estantería | Fecha de adquisición | Total de préstamos | Signatura topográfica completa | Código de barras | Visto por última vez | Precio de reemplazo | Tipo de ítem Koha |
|---|---|---|---|---|---|---|---|---|---|---|---|---|---|---|
| Libros del s. XIX | Biblioteca del Ateneo de Madrid | Biblioteca del Ateneo de Madrid | Sala Pecera Planta 3 | 17/01/2008 | G-8102-09 | 1171920 | 23/02/2023 | 23/02/2023 | Libro impreso antiguo |
